Who sang that 2010s song? #1 - Statistics

General Stats
  • This quiz has been taken 131 times
  • The average score is 9 of 15
Answer Stats
Year Songname Answer % Correct
2010 Bad Romance Lady Gaga
96%
2018 Havana Camila Cabello
88%
2010 Last Fiday Night Katy Perry
86%
2012 Just The Way you Are Bruno Mars
83%
2014 Take me to church Hozier
79%
2015 Love me Like you do Ellie Goulding
78%
2013 Mirrors Justin Timberlake
65%
2015 Where are U now? Justin Bieber
56%
2014 Summer Calvin Harris
52%
2015 Hymn for the Weekend Coldplay
51%
2010 Feel Good Inc. Gorillaz
48%
2011 Pumped Up Kicks Foster the People
37%
2017 Help me Help you Logan Paul
17%
2016 Como La Flor Selena
13%
2018 Bed Ariana Grande
9%
No matching quizzes found
Score Distribution
Percent of People with Each Score
Percentile by Number Answered
Your Score History
You have not taken this quiz